Historisch bedeutsame Städte Frankreichs - Statistiken

Allgemein
  • Dieses Quiz wurde 191 mal gespielt
  • Das Durchschnittsergebnis liegt bei 10 aus 18
Antwortstatistiken
Hint Antwort % Korrekt
Die Bastille wurde während der Französichen Revolution in dieser Stadt erstürmt Paris
100%
Die Französiche Nationalhymne ist nach dieser Stadt benannt Marseille
88%
Ehemalige Reichstadt am Rhein, dessen Kathedrale bis 1874 das höchste Gebäude der Welt war Straßburg
85%
Während des Mittelalters war diese Stadt der Hauptsitz des Papstes Avignon
75%
Stadt, welche lange Zeit England gehörte und in der sich der französischer Eingang des Eurotunnels befindet Calais
69%
Ort, in der das zweite deutsche Kaiserreich ausgerufen wurde und der deutsche Friedensvertrag im 1. Weltkrieg verhandelt wurde Versailles
68%
Stadt, welche im 100-Jährigem-Krieg durch eine heilige Jungfrau sich der englischen Belagerung widersetzen konnte Orléans
67%
Stadt, an der die blutigste Schlacht des ersten Weltkrieges stattfand Verdun
67%
Sitz der mit Deutschland kollaborierenden Regierung während des zweiten Weltkrieges Vichy
63%
Stadt, in der 1598 den Hugenotten religiöse Toleranz zugesagt wurde Nantes
58%
Stadt, in der im zweiten Weltkrieg das britische Expeditionsheer evakuiert werden musste Dünkirchen
51%
Stadt, die im Mittelalter Hauptstadt der mächtigen Grafen von Burgund war Dijon
41%
Atlantikhafen und wichtige Hugenottenfestung, welche 1628 durch Kardinal Richelieu erobert wurde La Rochelle
32%
Ort, an dem ein fränkisches Heer unter Karl Martell ein Maurischen Heer 732 besiegen konnte Tours/Poitiers
31%
Stadt, dessen erfolgreiche Belagerung Cäsars Sieg über Vercingetorix besiegelte Alesia
25%
Ort, an dem im Preußisch-Französichen-Krieg Kaiser Napoleon III gefangen genommen wurde Sedan
24%
Ursprungsstadt der Katharer- bzw. Albigenserbewegung Albi
12%
Stadt, in der 1685 dieses Edikt wieder aufgehoben wurde Fontainebleau
4%
Keine übereinstimmenden Quizze gefunden
Verteilung der Resultate
Anzahl Personen mit jedem Resultat
Perzentil nach korrekt beantworteten Fragen
Ihre Resultats-Entwicklung
Sie haben dieses Quiz noch nicht gespielt